| 000 | 02077nam a2200457 i 4500 | ||
|---|---|---|---|
| 005 | 20220317001352.0 | ||
| 007 | ta | ||
| 008 | 210817s2010 ck a jr 000 0 spa d | ||
| 020 | _a9789589096581 | ||
| 020 |
_a9789584465153 _q(Obra completa) |
||
| 040 |
_aCO-BoRNBP _bspa _cCO-BoRNBP _erda |
||
| 041 | 0 | _aspa | |
| 043 | _as-ck--- | ||
| 082 | 0 | 4 |
_a332.49861 _bH27c _223 |
| 100 | 1 |
_aHernández Camacho, Carlos Nicolás _d1953- _eautor |
|
| 245 | 1 | 0 |
_aColombia mágica, el libro de los billetes _cCarlos Nicolás Hernández Camacho ... [y otros seis] |
| 250 | _aPrimera edición | ||
| 264 | 1 |
_aBogotá _bCarlos Nicolás Hernández _c2010 |
|
| 300 |
_a80 páginas _bilustraciones, fotografías a color _c32 cm |
||
| 336 |
_atexto _btxt _2rdacontent |
||
| 337 |
_asin mediación _bn _2rdamedia |
||
| 338 |
_avolumen _bnc _2rdacarrier |
||
| 490 | _aBiblioteca colombiana ilustrada | ||
| 505 | _aColombia mágica. El libro de los billetes -- Cincuenta mil sueños en papel moneda y mucho más -- Veinte mil pesos de un viaje lunar -- La costurera prodigiosa o el viaje en busca de la amada -- Historia de un niño que introducía sus poemas en pompas de jabón | ||
| 521 | _aRecomendado para un público mayor de 12 años | ||
| 650 | 1 | 7 |
_aBilletes de banco _xHistoria _zColombia _2ARMARC |
| 650 | 1 | 7 |
_aBilletes de banco _xAspectos socioeconómicos _2ARMARC |
| 650 | 1 | 7 |
_aNumismática _2ARMARC |
| 700 | 1 |
_aMayorga Rodríguez, Carolina _dautora _9181875 |
|
| 700 | 1 |
_aNiño, Jairo Aníbal _d1941-2010 _eautor _98308 |
|
| 700 | 1 |
_aRomán, Celso _d1947- _eautor _95397 |
|
| 700 | 1 |
_aPérez, Miguel Ángel _eautor _9181879 |
|
| 700 | 1 |
_aPinilla, Augusto _eautor _9181880 |
|
| 700 | 1 |
_aTéllez, Hernando _d1908-166 _eautor _9181881 |
|
| 740 | _aColombia mágica. El libro de los billetes | ||
| 740 | _aCincuenta mil sueños en papel moneda y mucho más | ||
| 740 | _aVeinte mil pesos de un viaje lunar | ||
| 740 | _aLa costurera prodigiosa o el viaje en busca de la amada | ||
| 740 | _aHistoria de un niño que introducía sus poemas en pompas de jabón | ||
| 942 |
_2ddc _cBK |
||
| 999 |
_c6757 _d6757 |
||